| 000 | 00641nam a22001817a 4500 | ||
|---|---|---|---|
| 005 | 20260415114740.0 | ||
| 008 | 260415b |||||||| |||| 00| 0 eng d | ||
| 020 | _a9780006387800 (pbk) | ||
| 040 | _cUE-CL | ||
| 082 |
_a941.07 _bH528 |
||
| 100 | _aHickman , Katie | ||
| 245 |
_aDaughters of britannia: The lives and times of diplomatic wives _b/ Katie Hickman |
||
| 260 |
_aLondon: _bFlamingo, _c2000. |
||
| 300 | _axxi, 321 p. | ||
| 505 | _a1. Getting there 2. The posting 3. Partners 4. Private life 5. Embassy life 6. Ambassadresses 7. Public life 8. Social Life 9. Hardship 10. Children | ||
| 546 | _aEnglish | ||
| 942 | _cBK | ||
| 999 |
_c26055 _d26054 |
||